| 000 | 00817nam a22002415a 4500 | ||
|---|---|---|---|
| 008 | 161115t2013 xxu||||fr|||| 001 0 eng d | ||
| 020 | _a9781107642720 | ||
| 040 |
_aEG-ScBUE _beng _cEG-ScBUE |
||
| 082 |
_222 _a320.014 _bBEN |
||
| 100 | 1 | _aBennett, W. Lance | |
| 245 |
_aThe logic of connective action : _bDigital media and the personalization of contentious politics / _cW. Lance Bennett |
||
| 260 |
_aCambridge : _bCambridge University Press, _c2013. |
||
| 300 |
_axiii, 240 p. ; _c23 cm. |
||
| 490 | _aCambridge studies in contentious politics | ||
| 500 | _aIndex : p. 235-240. | ||
| 504 | _aBibliography : p. 217-234. | ||
| 590 | _aSuzan Ashmawy | ||
| 650 | 7 |
_2BUEsh _aSocial media. |
|
| 650 | 7 |
_2BUEsh _aCommunication in politics |
|
| 651 | _2BUEsh | ||
| 653 |
_bCOMAME _cNovember2016 |
||
| 942 | _2ddc | ||
| 999 |
_c23142 _d23114 |
||